LEADER 01892nam 2200409 n 450 001 996397733503316 005 20221108083646.0 035 $a(CKB)4940000000061450 035 $a(EEBO)2240903209 035 $a(UnM)ocm31355542e 035 $a(UnM)31355542 035 $a(OCoLC)31355542 035 $a(EXLCZ)994940000000061450 100 $a19941025d1689 uy 0 101 0 $aeng 135 $aurbn||||a|bb| 200 14$aThe new pope: or, The ceremonies and proceedings in the conclave at Rome$b[electronic resource] $eupon the pope's death, for the election of a new one, according to their constitutions. As also the coronation and cavalcade 210 $aLondon, $cPprinted for Tho. Basset at the George near St. Dunstan's Church in Fleetstreet.$d1689 215 $a[2], 102 p. $cill., tables 300 $aImperfect: cropped and tightly bound with some loss of text. 300 $aFilmed copy at UMI Tract Supplement reel F2, imprint cropped, affecting print; page 98 misnumbered page 97. 300 $aPublished in 1671 under title: The ceremonies of the vacant see. 300 $aTranslated from a French version of an unidentified work by Gregorio Leti, which was subsequently incorporated in pt. 5 of his Il ceremoniale historico e politico. 1677 ed. gives translator as J.D. [i.e. John Davies of Kidwelly]--Cf. BM v.206, col. 239. 300 $aReproduction of original in the British Library. 330 $aeebo-0018 606 $aPopes$xElection$vEarly works to 1800 615 0$aPopes$xElection 700 $aLeti$b Gregorio$f1630-1701.$0192430 701 $aDavies$b John$f1625-1693.$01001362 801 0$bCu-RivES 801 1$bCu-RivES 801 2$bCStRLIN 801 2$bCu-RivES 906 $aBOOK 912 $a996397733503316 996 $aThe new pope: or, The ceremonies and proceedings in the conclave at Rome$92423557 997 $aUNISA LEADER 01048nam a22002411i 4500 001 991002278509707536 005 20040226153628.0 008 040407s1971 fr a||||||||||||||||fre 035 $ab12898296-39ule_inst 035 $aARCHE-087791$9ExL 040 $aDip.to Filologia Class. e Scienze Filosofiche$bita$cA.t.i. Arché s.c.r.l. Pandora Sicilia s.r.l. 082 04$a232 100 1 $aDoignon, Jean$0186582 245 10$aHilaire de Poitiers avant l'exil :$brecherches sur la naissance, l'enseignement et l'épreuve d'une foi épiscopale en Gaule au milieu du 4. sièecle /$cJean Doignon 260 $aParis :$bEtudes augustiniennes,$c1971 300 $a670 p. :$bill. ;$c25 cm 600 04$aIlario :$cdi Poitiers 907 $a.b12898296$b02-04-14$c16-04-04 912 $a991002278509707536 945 $aLE007 248 DOI 01 01$g1$i2015000088413$lle007$o-$pE0.00$q-$rl$s- $t0$u0$v0$w0$x0$y.i13463184$z16-04-04 996 $aHilaire de Poitiers avant l'exil$9306225 997 $aUNISALENTO 998 $ale007$b16-04-04$cm$da $e-$ffre$gfr $h0$i1